000 nam a22 a 4500
999 _c2909
_d2909
003 AKMAL
005 20170518152154.0
008 170518s1994my 00 eng d
040 _aAKMAL
_cAKMAL
082 0 4 _a651.3741 COO
_222
090 0 0 _a651.3741
_bCOO
100 1 _aCook, Elizabeth
_96105
245 1 0 _aWorking with management :
_ba secretary's guide /
_cElizabeth Cook
260 _aPetaling Jaya :
_bPelanduk Publications (M) Sdn.Bhd.,
_c1994
300 _a87p.
650 0 _aSecretaries
_96092
650 0 _aOffice management
_95910
650 0 _aOffice practice
_95898
942 _2ddc
_cBOOK